[Event "AUTO-ADV-4924"]
[Site "http://www.queenalice.com/game.php?id=1870455"]
[Date "2026.3.13"]
[Round "1"]
[White "altair"]
[Black "Shizumaru_Hisame"]
[Result "0-1"]
[WhiteElo "1837"]
[BlackElo "1991"]

1. e4 d5 2. e5 d4 3. Nf3 Bg4 4. h3 Bh5 5. d3 Nc6 6. Be2 Qd7 7. b3 O-O-O 8. Bb2
Bxf3 9. Bxf3 Nxe5 10. O-O e6 11. Re1 Nxf3+ 12. Qxf3 Bc5 13. a3 Bb6 14. a4 c6 15.
b4 Qe7 16. a5 Bc7 17. Qg4 Nf6 18. Qxg7 Rhg8 19. Qh6 Rd5 20. Qc1 Rdg5 21. Bxd4
Rxg2+ 22. Kf1 Nh5 23. Ke2 Qxb4 24. Bc3 Qh4 25. Rf1 Nf4+ 26. Kd2 Nxh3 27. Qe1
Rxf2+ 28. Rxf2 Qxf2+ 29. Qxf2 Nxf2 30. Na3 Ng4 31. Rg1 f5 32. Nc4 h5 33. Re1 Kd7
34. Ne5+ Ke7 35. Bb4+ Kf6 36. Nd7+ Kg5 37. Rxe6 f4 38. Be7+ Kf5 39. Re4 f3 40.
Bh4 f2 41. Ke2 Bxa5 42. Bxf2 Nxf2 43. Kxf2 Bc7 44. Nc5 Bb6 45. Rc4 Rg4 46. Rxg4
Kxg4 47. d4 Bxc5 48. dxc5 h4 49. Kg2 h3+ 50. Kh2 a5 0-1

[Event "AUTO-OPEN-4643"]
[Site "http://www.queenalice.com/game.php?id=1870470"]
[Date "2026.3.13"]
[Round "1"]
[White "WoodpusherKid"]
[Black "Shizumaru_Hisame"]
[Result "1-0"]
[WhiteElo "2692"]
[BlackElo "1903"]

1. Nf3 d6 2. e4 Bg4 3. d4 a6 4. h3 Bh5 5. g4 Bg6 6. Nc3 e6 7. h4 h6 8. h5 Bh7 9.
Be3 Nf6 10. g5 Ng4 11. Bd2 Nxf2 12. Kxf2 Nd7 13. Bd3 Qe7 14. Qg1 O-O-O 15. g6
Bg8 16. Nh4 e5 17. d5 Nc5 18. b4 Nxd3+ 19. cxd3 Qd7 20. Rb1 Be7 21. a4 Bxh4+ 22.
Rxh4 f5 23. b5 axb5 24. Nxb5 Kb8 25. Kg3 c6 26. Qa7+ Kc8 27. Qa8# 1-0

[Event "AUTO-OPEN-4643"]
[Site "http://www.queenalice.com/game.php?id=1870471"]
[Date "2026.3.13"]
[Round "1"]
[White "Shizumaru_Hisame"]
[Black "WoodpusherKid"]
[Result "0-1"]
[WhiteElo "1905"]
[BlackElo "2691"]

1. d4 d5 2. Bd2 Nf6 3. Bb4 Nc6 4. Bc5 Ne4 5. Ba3 e5 6. Bxf8 Rxf8 7. e3 exd4 8.
exd4 Qh4 9. g3 Qe7 10. Ne2 Bg4 11. a3 Qf6 12. f4 O-O-O 13. c3 Rfe8 14. Nd2 Nxd2
15. Qxd2 Na5 16. Qc2 Nc4 17. h3 Ne3 18. Qxh7 Bf5 19. Qh4 g5 20. fxg5 Nc2+ 21.
Kd2 Qe6 22. Rc1 Qe3+ 23. Kd1 Qd3# 0-1

[Event "AUTO-OPEN-4643"]
[Site "http://www.queenalice.com/game.php?id=1870498"]
[Date "2026.3.13"]
[Round "1"]
[White "SGF"]
[Black "Shizumaru_Hisame"]
[Result "0-1"]
[WhiteElo "1742"]
[BlackElo "1910"]

1. e4 d5 2. Qf3 dxe4 3. Qxe4 Nf6 4. Qf3 a6 5. d3 h6 6. Be2 Nc6 7. c3 e5 8. h3
Be6 9. b4 Qd7 10. a4 Bd5 11. Qg3 O-O-O 12. b5 Nb8 13. bxa6 Nxa6 14. Rh2 Bd6 15.
Qxg7 Be7 16. Qg3 Bc6 17. a5 Bd6 18. Bg4 Nxg4 19. Qxg4 f5 20. Qh5 e4 21. d4 Bxh2
22. Ne2 Bd6 23. Bxh6 Bf8 24. g4 Rxh6 25. Qxf5 Rxh3 26. Qxd7+ Rxd7 27. Nd2 Bh6
28. O-O-O Rg7 29. Rg1 Bd7 30. Rg3 Bxg4 31. Rxh3 Bxh3 32. Kc2 Bf5 33. Ng3 Rxg3
34. fxg3 e3+ 35. Kd1 exd2 36. c4 Bg4+ 37. Kc2 d1=Q+ 38. Kc3 Qd2+ 39. Kb3 Bd1+
40. Ka3 Bf8+ 41. c5 Nxc5 42. dxc5 Bxc5# 0-1

[Event "AUTO-OPEN-4643"]
[Site "http://www.queenalice.com/game.php?id=1870499"]
[Date "2026.3.13"]
[Round "1"]
[White "Shizumaru_Hisame"]
[Black "SGF"]
[Result "0-1"]
[WhiteElo "1916"]
[BlackElo "1726"]

1. d4 e6 2. e4 Qf6 3. Nf3 h6 4. Bd2 Be7 5. Bc3 c6 6. d5 Qg6 7. Ne5 Qxe4+ 8. Qe2
cxd5 9. Qxe4 dxe4 10. Nd2 d5 11. Bb5+ Bd7 12. Bxd7+ Nxd7 13. Nxd7 Kxd7 14. Bxg7
Rh7 15. Be5 Bf6 16. Bxf6 Nxf6 17. O-O Rc8 18. Rfc1 b5 19. b3 a5 20. c4 d4 21.
Re1 bxc4 22. bxc4 e5 23. Nxe4 Nxe4 24. Rxe4 f6 25. Rb1 Rxc4 26. g3 Ke6 27. Re2
d3 28. Rd2 Rd7 29. Rbd1 e4 30. Kf1 Rc2 31. Rxc2 dxc2 32. Re1 Rd1 0-1

[Event "AUTO-OPEN-4643"]
[Site "http://www.queenalice.com/game.php?id=1870517"]
[Date "2026.3.13"]
[Round "1"]
[White "Shizumaru_Hisame"]
[Black "Capixaba789"]
[Result "1-0"]
[WhiteElo "1901"]
[BlackElo "1881"]

1. d4 d5 2. Bd2 Bf5 3. Bb4 Nf6 4. f3 b5 5. Nh3 h5 6. Nf2 Nc6 7. Bc5 e6 8. Bxf8
Rxf8 9. Nc3 a6 10. a3 Qe7 11. e4 dxe4 12. fxe4 Bg6 13. Be2 Rd8 14. d5 Ne5 15.
Bf3 Nxf3+ 16. gxf3 e5 17. Qe2 Nd7 18. O-O-O Nc5 19. Na2 Rd6 20. Nb4 Qd7 21. Nc6
f6 22. Nd3 Nxd3+ 23. Rxd3 Kf7 24. Qg2 Bh7 25. Re3 g5 26. h4 Rg8 27. hxg5 Rxg5
28. Qxg5 fxg5 29. Nxe5+ Kf6 30. Nxd7+ Rxd7 31. Rxh5 Bg6 32. Rh8 1-0

[Event "AUTO-ADV-4912"]
[Site "http://www.queenalice.com/game.php?id=1870610"]
[Date "2026.3.16"]
[Round "2"]
[White "Capixabba789"]
[Black "Shizumaru_Hisame"]
[Result "0-1"]
[WhiteElo "1880"]
[BlackElo "1914"]

1. d4 d5 2. Nc3 e6 3. f4 Bd7 4. Nf3 f6 5. e3 Nh6 6. Bd3 Bc6 7. O-O Nd7 8. Nh4
Nf7 9. Qe1 Qe7 10. f5 e5 11. Qg3 O-O-O 12. dxe5 Ndxe5 13. Be2 Qc5 14. Kh1 Rg8
15. a3 Kb8 16. Nf3 Nc4 17. Bxc4 Qxc4 18. Bd2 Bd6 19. Qf2 Ne5 20. Nd4 Ng4 21.
Nxc6+ Qxc6 22. Qe2 Nxh2 23. Rfd1 Rde8 24. Qh5 Rh8 25. Na2 Qxc2 26. Nb4 Qxb2 27.
Nc6+ Ka8 28. Nd4 Nf1 29. Rxf1 Qxd2 30. Nb5 Be5 31. a4 Qxe3 32. Qf7 Qg3 33. Qh5
g6 34. Qh3 Qxh3+ 35. gxh3 c6 0-1

[Event "AUTO-ADV-4912"]
[Site "http://www.queenalice.com/game.php?id=1870611"]
[Date "2026.3.16"]
[Round "2"]
[White "Shizumaru_Hisame"]
[Black "Capixabba789"]
[Result "1-0"]
[WhiteElo "1929"]
[BlackElo "1862"]

1. d4 d5 2. Bd2 Nf6 3. Bb4 e6 4. Bxf8 Rxf8 5. e3 Bd7 6. Be2 Nc6 7. Bf3 Qe7 8.
Ne2 O-O-O 9. O-O h6 10. c3 e5 11. Nc1 e4 12. Be2 Kb8 13. b4 Qd6 14. a4 g5 15. a5
g4 16. b5 Ne7 17. Na3 h5 18. c4 Ng6 19. c5 Qe6 20. Rb1 h4 21. b6 cxb6 22. axb6
a6 23. g3 h3 24. Nb3 Bc6 25. Na5 Nh7 26. Nxc6+ Qxc6 27. Bxg4 Ng5 28. Nc2 f5 29.
Be2 Qf6 30. Qd2 Qg7 31. c6 Nh4 32. Qa5 Ngf3+ 33. Kh1 Ng2 34. Bxa6 bxc6 35. Rfc1
Rd7 36. Nb4 Rf6 37. Nxc6+ Rxc6 38. Rxc6 Nxh2 39. Rc8# 1-0

[Event "AUTO-ADV-4930"]
[Site "http://www.queenalice.com/game.php?id=1871918"]
[Date "2026.4.14"]
[Round "1"]
[White "Shizumaru_Hisame"]
[Black "SGF"]
[Result "1-0"]
[WhiteElo "1947"]
[BlackElo "1676"]

1. d4 d5 2. Bd2 Nc6 3. Bc3 e6 4. a3 a5 5. e3 Qd6 6. Nd2 Bd7 7. Bd3 h5 8. e4 g5
9. f3 dxe4 10. fxe4 g4 11. Qe2 Nf6 12. e5 Qe7 13. exf6 Qd6 14. Qf2 e5 15. Nc4
Qe6 16. Bf5 Qxc4 17. Bxd7+ Kxd7 18. dxe5 Nxe5 19. Bxe5 Qe4+ 20. Qe2 Qxe2+ 21.
Nxe2 Re8 22. Bc3 b6 23. O-O-O+ Kc8 24. Nd4 Rh6 25. Nb5 h4 26. h3 g3 27. Rhf1 Kb7
28. Rf4 c6 29. Nd4 Rh5 30. Nf3 Bh6 31. Rd4 Bxf4+ 32. Rxf4 Re2 33. Nxh4 Rf2 34.
Re4 Rf1+ 35. Kd2 Rd5+ 36. Ke3 Rd6 37. Rg4 Re6+ 38. Kd2 Rf2+ 39. Kd3 Rd6+ 40. Ke4
Re6+ 41. Kd3 Rd6+ 42. Ke4 Rxc2 43. Rxg3 Re6+ 44. Kf5 Rf2+ 45. Kg5 c5 46. b4 axb4
47. axb4 c4 48. b5 Rc2 49. Nf5 Rc1 50. Nh6 Rb1 51. Nxf7 Rxb5+ 52. Kg6 Rb3 53.
Nd8+ Ka6 54. Nxe6 b5 55. Nc5+ Kb6 56. Nxb3 cxb3 57. Bd4+ Ka5 58. Rxb3 Ka4 59.
Rb1 b4 60. f7 Ka3 61. f8=Q Ka4 62. Qxb4# 1-0

[Event "AUTO-ADV-4930"]
[Site "http://www.queenalice.com/game.php?id=1871919"]
[Date "2026.4.14"]
[Round "1"]
[White "SGF"]
[Black "Shizumaru_Hisame"]
[Result "0-1"]
[WhiteElo "1711"]
[BlackElo "1958"]

1. e4 d5 2. Qf3 dxe4 3. Qxe4 a6 4. Bc4 Nf6 5. Qf3 Nc6 6. c3 e6 7. d3 Bc5 8. Bg5
Be7 9. Ne2 Ne5 10. Qg3 Bd6 11. Qh4 Be7 12. f4 Ng6 13. Qg3 Qd6 14. Nd2 Bd7 15. h4
h5 16. Bxf6 Bxf6 17. Ne4 Qe7 18. O-O-O Bxh4 19. Qf3 Bc6 20. g3 Bf6 21. f5 Ne5
22. Qg2 exf5 23. Nxf6+ Qxf6 24. Bd5 O-O-O 25. Bxc6 Nxc6 26. Nf4 g6 27. a4 Rh6
28. Qf3 h4 29. d4 Ne7 30. gxh4 Rxh4 31. Rxh4 Qxh4 32. Ng2 Qf6 33. b3 g5 34. Kc2
g4 35. Qf4 Nd5 36. Qf1 f4 37. Nxf4 Nxf4 38. Rd2 Qg6+ 39. Kb2 Nh5 40. c4 f5 41.
d5 f4 42. Rd4 f3 43. Ka3 Rf8 44. a5 f2 45. c5 g3 46. Qh3+ Kb8 47. Rg4 Qxg4 48.
Qxg4 f1=Q 49. Qxh5 Qa1+ 50. Kb4 Rf4# 0-1

[Event "AUTO-ADV-4930"]
[Site "http://www.queenalice.com/game.php?id=1871922"]
[Date "2026.4.14"]
[Round "1"]
[White "Shizumaru_Hisame"]
[Black "shmurtz91"]
[Result "1-0"]
[WhiteElo "2002"]
[BlackElo "1870"]

1. d4 Nf6 2. Bd2 Nc6 3. Bc3 e6 4. a3 d5 5. Qd3 Bd6 6. Nd2 e5 7. f3 Nh5 8. O-O-O
Qg5 9. g3 O-O 10. e3 Bd7 11. Bh3 Be8 12. f4 exf4 13. exf4 Qh6 14. Qf3 Ne7 15.
Ne2 Ng6 16. Nf1 Be7 17. Bd2 Nh8 18. f5 Bg5 19. Kb1 Bxd2 20. Nxd2 Qg5 21. Bg2 c6
22. h4 1-0

[Event "AUTO-ADV-4930"]
[Site "http://www.queenalice.com/game.php?id=1871923"]
[Date "2026.4.14"]
[Round "1"]
[White "shmurtz91"]
[Black "Shizumaru_Hisame"]
[Result "1-0"]
[WhiteElo "1863"]
[BlackElo "2013"]

1. e4 d5 2. e5 d4 3. d3 Nc6 4. c3 Nxe5 5. Nf3 Nc6 6. Be2 dxc3 7. bxc3 Be6 8. c4
f6 9. h3 Nd4 10. Bb2 Nc6 11. Nc3 a6 12. O-O Qd7 13. Ne4 O-O-O 14. d4 Bxh3 15.
Nh4 g5 16. gxh3 gxh4 17. Nc5 Qd6 18. Qa4 Nxd4 19. Bxd4 Qxd4 20. Nxb7 Kxb7 21.
Rab1+ Ka7 22. Qc6 Rb8 23. Qxc7+ Ka8 24. Bf3+ 1-0